[Event "It (open)"]
[Site "masterchessopen.com Zagreb (Croatia)"]
[Round "7"]
[White "Karlic Zvjezdan (CRO)"]
[Black "Krecak Zvonko (CRO)"]
[Result "1-0"]
[WhiteElo "2206"]
[BlackElo "2172"]

1.Nf3 Nf6 2.d4 g6 3.g3 Bg7 4.Bg2 O-O 5.O-O d6 6.c4 Nbd7 7.Nc3 c6 8.h3 e5 9.e4
Qb6 10.Re1 exd4 11.Nxd4 Ne5 12.b3 Nh5 13.Be3 Qa5 14.Qc2 c5 15.Nde2 f5 16.Rad1
fxe4 17.Nxe4 Nf3+ 18.Bxf3 Rxf3 19.Kg2 Rf8 20.Qd2 Qc7 21.Qxd6 Qf7 22.Ng5 Qe8
23.Bxc5 h6 24.Ng1 {#r} 1-0

[Event "It (open)"]
[Site "masterchessopen.com Zagreb (Croatia)"]
[Round "5"]
[White "Karlic Zvjezdan (CRO)"]
[Black "Vukic Aleksandar (CRO)"]
[Result "0-1"]
[WhiteElo "2206"]
[BlackElo "2121"]

1.Nf3 Nf6 2.d4 g6 3.g3 Bg7 4.Bg2 O-O 5.O-O d6 6.c4 Nbd7 7.Nc3 e5 8.h3 c6 9.e4
Qb6 10.Re1 Re8 11.Re2 a5 12.Be3 Qb4 13.Rc2 a4 14.Bd2 Qb6 15.Be3 Qa5 16.Rd2 a3
17.Rc1 axb2 18.Rxb2 exd4 19.Nxd4 Nc5 20.Qc2 Nfd7 21.Nce2 Ne5 22.Rd1 Qa6 23.Rb4
Qxa2 24.Nc1 Qa5 25.Rb1 Qa4 26.Bf4 Qxc2 27.Nxc2 Nxc4 28.Bxd6 Rd8 {#R} 0-1

[Event "It (open) (b)"]
[Site "masterchessopen.com Zurich (Switzerland)"]
[Round "0"]
[White "Sherwin James T (USA)"]
[Black "Dell'Agosti Alain (SUI)"]
[Result "1-0"]
[WhiteElo "2325"]
[BlackElo "2200"]

1.d4 Nf6 2.c4 g6 3.g3 Bg7 4.Bg2 O-O 5.Nf3 d6 6.O-O Nbd7 7.Nc3 e5 8.h3 c6 9.e4
Qb6 10.d5 Nc5 11.Re1 a5 12.Rb1 Bd7 13.Be3 cxd5 14.cxd5 Qc7 15.Bxc5 Qxc5 16.Bf1
Nh5 17.g4 Nf4 18.Rc1 h5 19.Ne2 Qb4 20.Nxf4 exf4 21.gxh5 gxh5 22.Ng5 f6 23.Ne6
Rf7 24.Qxh5 Qxb2 25.e5 fxe5 26.Bd3 Bxe6 27.dxe6 Re7 28.Rc2 Qd4 29.Bh7+ Kf8
30.Rec1 Rxe6 31.Rc8+ {#r} 1-0

[Event "It (open)"]
[Site "masterchessopen.com Bethune (France)"]
[Round "0"]
[White "Mancini Mario (FRA)"]
[Black "Andre Damien (BEL)"]
[Result "1-0"]
[WhiteElo "2285"]
[BlackElo "2003"]

1.d4 Nf6 2.c4 g6 3.g3 Bg7 4.Bg2 O-O 5.Nc3 c6 6.Nf3 d6 7.O-O Nbd7 8.h3 e5 9.e4
Re8 10.Be3 Qe7 11.Re1 Nf8 12.Qc2 Nh5 13.Rad1 f5 14.dxe5 dxe5 15.exf5 gxf5
16.Na4 Ng6 17.Bc5 Qf7 18.Ng5 Qf6 19.h4 h6 20.Rd6 Be6 21.Nxe6 Rxe6 22.Rxe6 Qxe6
23.Qe2 Nf6 24.h5 Nf8 25.Qxe5 Qxc4 26.b3 Qg4 27.Qc7 Nxh5 28.Qxb7 Rd8 29.Qxc6 f4
30.Qf3 Qg5 31.Be7 {#r} 1-0

[Event "It (open)"]
[Site "masterchessopen.com Bethune (France)"]
[Round "0"]
[White "Relange Eloi (FRA)"]
[Black "Pelle Guillaume (FRA)"]
[Result "1-0"]
[WhiteElo "2490"]
[BlackElo "2220"]

1.d4 Nf6 2.Nf3 g6 3.c4 Bg7 4.g3 O-O 5.Bg2 d6 6.O-O Nbd7 7.Nc3 e5 8.e4 c6 9.h3
Re8 10.d5 Nc5 11.Qc2 a5 12.Be3 cxd5 13.cxd5 Bd7 14.Nd2 b5 15.Nb3 Na4 16.Nxa4
bxa4 17.Nd2 Qb8 18.Nc4 Rc8 19.b3 Bb5 20.Rfc1 Nd7 21.Rab1 Qc7 22.Qd2 Nc5 23.Nb6
Qxb6 24.bxa4 Bh6 25.Bxh6 Nxa4 26.Bf1 Rxc1 27.Qxc1 Qd4 28.Rxb5 Nc3 29.Be3 Nxa2
30.Qc6 {#r} 1-0

[Event "It (open)"]
[Site "masterchessopen.com Bratislava (Slovakia)"]
[Round "4"]
[White "Markos Jan (SVK)"]
[Black "Mruskovic Radoslav (SVK)"]
[Result "1-0"]
[WhiteElo "2185"]
[BlackElo "1973"]

1.d4 Nf6 2.c4 d6 3.Nf3 g6 4.Nc3 Bg7 5.g3 O-O 6.Bg2 c6 7.O-O Nbd7 8.e4 e5 9.h3
Qe7 10.Be3 Ne8 11.Qd2 Nb6 12.b3 Nc7 13.a4 a5 14.dxe5 Nxc4 15.bxc4 dxe5 16.Rfd1
Ne6 17.Qd6 Qf6 18.Bb6 Re8 19.Rac1 Re7 20.Nxe5 {#r} 1-0

[Event "It (a)"]
[Site "masterchessopen.com Budapest (Hungary)"]
[Round "11"]
[White "Kraai Jesse (USA)"]
[Black "Tindall Brett (AUS)"]
[Result "1-0"]
[WhiteElo "2385"]
[BlackElo "2275"]

1.Nf3 Nf6 2.g3 g6 3.Bg2 Bg7 4.O-O O-O 5.d4 d6 6.c4 Nbd7 7.Nc3 c6 8.e4 e5 9.h3
Qc7 10.Be3 Rd8 11.Rc1 exd4 12.Nxd4 Nc5 13.b4 Ne6 14.Nb3 Qe7 15.Qc2 b6 16.a4
Bb7 17.Rfd1 Rac8 18.Qa2 Nd7 19.a5 Ne5 20.Qe2 Ba6 21.b5 Bb7 22.axb6 cxb5
23.Nxb5 Ba6 24.Nxa7 Rxc4 {#r} 1-0

[Event "It (open)"]
[Site "masterchessopen.com Chambery (France)"]
[Round "0"]
[White "Drillat Michel (FRA)"]
[Black "Mazzoni Guy (FRA)"]
[Result "0-1"]
[WhiteElo "1927"]
[BlackElo "2191"]

1.d4 Nf6 2.Nf3 g6 3.c4 Bg7 4.Nc3 O-O 5.e4 d6 6.g3 Nbd7 7.Bg2 e5 8.O-O c6 9.h3
Re8 10.Be3 exd4 11.Nxd4 Nc5 12.Qc2 a5 13.Rae1 a4 14.f4 Nfd7 15.Bf2 Qa5 16.e5
dxe5 17.fxe5 Nxe5 18.Nxc6 bxc6 19.Bxc6 Bxh3 20.Bxe8 Rxe8 21.Re3 Bxf1 22.Kxf1
Ne6 23.Nd5 Ng4 24.Re4 Nxf2 25.Qxf2 Qa6 26.Qe2 Qb7 27.Nf4 f5 {#R} 0-1

[Event "It (open)"]
[Site "masterchessopen.com Decin (Czech Republic)"]
[Round "2"]
[White "Letov Alexander (RUS)"]
[Black "Blagonadezhnaya Ideya (RUS)"]
[Result "1-0"]
[WhiteElo "2300"]
[BlackElo "1898"]

1.d4 g6 2.Nf3 Bg7 3.g3 Nf6 4.Bg2 O-O 5.O-O d6 6.c4 Nbd7 7.Nc3 c6 8.e4 e5 9.h3
a6 10.a4 Qe8 11.Re1 Nh5 12.dxe5 dxe5 13.b3 f5 14.Qc2 h6 15.Ba3 Rf7 16.exf5
gxf5 17.Rad1 e4 18.Nxe4 fxe4 19.Rxe4 Qd8 20.Rh4 Nhf6 21.Ne5 Qe8 22.Nxf7 Qxf7
23.Bc1 h5 24.Qe2 Kf8 25.Ba3+ c5 26.Bxc5+ Nxc5 27.Rd8+ Ne8 28.Rf4 Bf6 29.Rxf6
Qxf6 30.Qxe8+ Kg7 31.Qh8+ {#r} 1-0

[Event "It (open)"]
[Site "masterchessopen.com Decin (Czech Republic)"]
[Round "7"]
[White "Letov Alexander (RUS)"]
[Black "Kuzmin Gennadi P (UKR)"]
[Result "1-0"]
[WhiteElo "2300"]
[BlackElo "2560"]

1.d4 Nf6 2.Nf3 g6 3.g3 Bg7 4.Bg2 O-O 5.O-O d6 6.c4 Nbd7 7.Nc3 c6 8.e4 e5 9.h3
exd4 10.Nxd4 Nc5 11.Re1 Re8 12.Qc2 a5 13.Nb3 Nfd7 14.Be3 Qe7 15.Rad1 Ne6
16.Na4 Ra6 17.f4 Nec5 18.Nbxc5 Nxc5 19.Nc3 Ne6 20.Qd2 Bf8 21.f5 Nc7 22.g4 b5
23.b3 b4 24.Na4 c5 25.Bf4 Bd7 26.e5 gxf5 27.exd6 Rxd6 28.Rxe7 Rxd2 29.Rxd7
{#r} 1-0

[Event "Olympiad"]
[Site "masterchessopen.com Elista (Russia)"]
[Round "3"]
[White "Aliev Kerim (TKM)"]
[Black "Banikas Hristos (GRE)"]
[Result "1-0"]
[WhiteElo "2385"]
[BlackElo "2490"]

1.d4 Nf6 2.Nf3 g6 3.g3 Bg7 4.Bg2 O-O 5.O-O c6 6.c4 d6 7.Nc3 Nbd7 8.e4 e5 9.h3
Re8 10.Re1 exd4 11.Nxd4 Qb6 12.Nc2 Nc5 13.b4 Ncxe4 14.Nxe4 Nxe4 15.Rxe4 Rxe4
16.Bxe4 Bxa1 17.Be3 Qd8 18.Qxa1 Bxh3 19.Bd4 Qe7 20.Bf3 h5 21.Ne3 a6 22.Bf6 Qf8
23.Qd4 Re8 24.b5 axb5 25.cxb5 d5 26.Qh4 Be6 27.g4 Qh6 28.g5 {#r} 1-0

[Event "Olympiad"]
[Site "masterchessopen.com Elista (Russia)"]
[Round "1"]
[White "Ljubojevic Ljubomir (SRB)"]
[Black "Ipsarides Herodotos (CYP)"]
[Result "1-0"]
[WhiteElo "2550"]
[BlackElo "2184"]

1.d4 Nf6 2.c4 g6 3.g3 Bg7 4.Bg2 d6 5.Nc3 O-O 6.Nf3 Nbd7 7.O-O e5 8.h3 c6 9.e4
Re8 10.Rb1 exd4 11.Nxd4 Nc5 12.Re1 a5 13.b3 Qc7 14.Bb2 Bd7 15.Qc2 Rad8 16.Rbd1
Bc8 17.Bc1 h6 18.Kh2 Re7 19.Bf4 Nh5 20.Be3 Nf6 21.Ndb5 cxb5 22.Nxb5 Qb6 23.a3
Ree8 24.b4 axb4 25.axb4 Kh7 26.Rxd6 {#r} 1-0

[Event "Ch France (team) (2) 1998/99"]
[Site "masterchessopen.com France"]
[Round "4"]
[White "Templier Nicolas (FRA)"]
[Black "Lachique Francois (FRA)"]
[Result "1-0"]
[WhiteElo "2145"]
[BlackElo "2090"]

1.d4 Nf6 2.c4 g6 3.g3 Bg7 4.Bg2 O-O 5.Nf3 d6 6.Nc3 Nbd7 7.O-O e5 8.e4 c6 9.h3
exd4 10.Nxd4 Nb6 11.b3 d5 12.exd5 cxd5 13.Ba3 Re8 14.c5 Ne4 15.Rc1 Nd7 16.Nxd5
Ndxc5 17.Nb5 b6 18.Ndc7 Bb7 19.Qxd8 Rexd8 20.Nxa8 Bxa8 21.Bxc5 bxc5 22.Rfd1
Bd4 23.Nxd4 cxd4 24.Rc4 Nc3 25.Rxc3 {#r} 1-0

[Event "Memorial Arnold J. Eikrem (open)"]
[Site "masterchessopen.com Gausdal (Norway)"]
[Round "1"]
[White "Hurst Kevin John (ENG)"]
[Black "Dannevig Oystein (NOR)"]
[Result "0-1"]
[WhiteElo "2006"]
[BlackElo "2340"]

1.c4 g6 2.g3 Bg7 3.Bg2 Nf6 4.Nc3 O-O 5.d4 d6 6.Nf3 Nbd7 7.O-O e5 8.e4 c6 9.h3
a5 10.b3 exd4 11.Nxd4 Re8 12.Be3 Nc5 13.Qc2 Qe7 14.f3 d5 15.cxd5 cxd5 16.Rae1
dxe4 17.fxe4 Bd7 18.Nd5 Nxd5 19.exd5 Qxe3+ 20.Rxe3 Bxd4 21.Kh2 Rxe3 22.d6 Bb5
23.Rd1 Re2 24.Qc1 Bc6 25.Rg1 Bxg1+ 26.Kxg1 Rxg2+ 27.Kf1 Nd3 28.Qc3 Rxg3 29.d7
Bxd7 {#R} 0-1

[Event "Bayern Regionalliga Southeast"]
[Site "masterchessopen.com Germany"]
[Round "4"]
[White "Bielmeier Ludwig (GER)"]
[Black "Nowak Marco"]
[Result "1-0"]
[WhiteElo "2140"]
[BlackElo "1950"]

1.d4 Nf6 2.Nf3 g6 3.c4 Bg7 4.g3 O-O 5.Bg2 c6 6.O-O d6 7.Nc3 Nbd7 8.e4 e5 9.h3
Re8 10.Re1 Qc7 11.Be3 a6 12.Qc2 b5 13.dxe5 Nxe5 14.Nxe5 dxe5 15.cxb5 cxb5
16.Rac1 Be6 17.Nd5 Qxc2 18.Rxc2 Bxd5 19.exd5 e4 20.Rd1 Rac8 21.Rc6 Rcd8 22.d6
Nd7 23.Bg5 f6 24.Be3 a5 25.Bf1 Rb8 26.Rc7 Red8 27.Ba7 {#r} 1-0

[Event "Ch NRW (juniors) (under 15)"]
[Site "masterchessopen.com Hiddenhausen (Germany)"]
[Round "0"]
[White "Melchers Damian (GER)"]
[Black "Dallakian Oleg"]
[Result "0-1"]
[WhiteElo "1999"]
[BlackElo "1950"]

1.Nf3 Nf6 2.g3 g6 3.Bg2 Bg7 4.O-O O-O 5.d4 d6 6.c4 Nbd7 7.Nc3 c6 8.e4 e5 9.h3
Ne8 10.Bg5 f6 11.Be3 f5 12.exf5 gxf5 13.dxe5 dxe5 14.Re1 Qf6 15.Qc2 h6 16.Ne2
e4 17.Bd4 Qf7 18.Bxg7 Nxg7 19.Nfd4 Ne5 20.b3 c5 21.Nb5 Ne6 22.Rad1 Qh5 23.h4
Nf3+ 24.Bxf3 exf3 25.Nec3 Qg4 26.Kh2 Nf4 {#R} 0-1

[Event "Ch Hungary (team) 1998/99 (2 liga)"]
[Site "masterchessopen.com Hungary"]
[Round "0"]
[White "Ladanyi Tibor (HUN)"]
[Black "Valis Janos (HUN)"]
[Result "1-0"]
[WhiteElo "2225"]
[BlackElo "2049"]

1.d4 g6 2.c4 Bg7 3.Nf3 d6 4.Nc3 e5 5.g3 Nd7 6.Bg2 Ngf6 7.O-O O-O 8.e4 c6 9.h3
Re8 10.Re1 Qb6 11.d5 cxd5 12.cxd5 Nc5 13.Rb1 a5 14.Be3 Bd7 15.Nd2 a4 16.b4
axb3 17.Nxb3 Qc7 18.Nxc5 dxc5 19.Nb5 Bxb5 20.Rxb5 Bf8 21.Qb3 Reb8 22.Rb1 c4
23.Qc2 Ra3 24.Bb6 Qc8 25.Bf1 c3 26.R5b3 Rba8 27.Kg2 Rxa2 28.Qxc3 Qxc3 29.Rxc3
Nxe4 30.Rc7 Nd6 31.Rd7 {#r} 1-0

[Event "It (open) (b)"]
[Site "masterchessopen.com Koszalin (Poland)"]
[Round "10"]
[White "Oliwa Patryk (POL)"]
[Black "Dlugosz Jedrzej (POL)"]
[Result "1-0"]
[WhiteElo "2224"]
[BlackElo "2363"]

1.d4 Nf6 2.c4 g6 3.Nc3 Bg7 4.g3 d6 5.Bg2 O-O 6.Nf3 Nbd7 7.O-O e5 8.h3 c6 9.e4
Re8 10.Be3 exd4 11.Nxd4 Nc5 12.Qc2 Qe7 13.Rfe1 Nfxe4 14.Nxe4 Nxe4 15.Bxe4 Qxe4
16.Bd2 Qxe1+ 17.Rxe1 Rxe1+ 18.Bxe1 Be5 19.Bc3 {#r} 1-0

[Event "It (open)"]
[Site "masterchessopen.com Metz (France)"]
[Round "1"]
[White "Laufer Thierry (FRA)"]
[Black "Kotronias Vasilios (GRE)"]
[Result "0-1"]
[WhiteElo "1970"]
[BlackElo "2555"]

1.Nf3 Nf6 2.c4 g6 3.g3 Bg7 4.Bg2 O-O 5.O-O d6 6.d4 Nbd7 7.Nc3 e5 8.e4 c6 9.h3
Qb6 10.dxe5 dxe5 11.Qe2 Qb4 12.a3 Qe7 13.Be3 Ne8 14.Rac1 Nc7 15.Qc2 Ne6 16.Ne2
f5 17.exf5 gxf5 18.Nh4 f4 19.Bd2 Ng5 20.Nf3 Nxf3+ 21.Bxf3 Nc5 22.Be4 f3
23.Bxh7+ Kh8 24.Nc3 Qe6 25.g4 Qe7 26.Qg6 Qh4 27.Qh5 Qxh5 28.gxh5 Kxh7 {#R} 0-1

[Event "It (open)"]
[Site "masterchessopen.com Miercurea Ciuc (Romania)"]
[Round "9"]
[White "Raceanu Valentin (ROM)"]
[Black "Deglmann Ludwig (GER)"]
[Result "0-1"]
[WhiteElo "2240"]
[BlackElo "2280"]

1.d4 d6 2.Nf3 Nf6 3.c4 Nbd7 4.Nc3 e5 5.g3 g6 6.Bg2 Bg7 7.O-O O-O 8.e4 c6 9.h3
a6 10.Be3 exd4 11.Nxd4 Re8 12.Qc2 Rb8 13.Rad1 Qc7 14.b3 c5 15.Nde2 b5 16.cxb5
axb5 17.Qd3 Qa5 18.a4 bxa4 19.bxa4 Ba6 20.Qc2 Ne5 21.Rxd6 Nc4 22.Rdd1 Nxe3
23.fxe3 Nh5 24.Rf3 Be5 25.Rd7 Nf6 26.Rd1 Re7 27.Rff1 Reb7 28.Rb1 Rxb1 29.Rxb1
Rxb1+ 30.Nxb1 Qe1+ {#R} 0-1

[Event "Tournament"]
[Site "masterchessopen.com Norway"]
[Round "0"]
[White "Yevseev Denis (RUS)"]
[Black "Paulsen Viktor (NOR)"]
[Result "1-0"]
[WhiteElo "2470"]
[BlackElo "1971"]

1.d4 Nf6 2.c4 g6 3.Nf3 Bg7 4.g3 d6 5.Bg2 c6 6.O-O O-O 7.Nc3 Nbd7 8.e4 e5 9.h3
h6 10.Be3 Ne8 11.dxe5 dxe5 12.Bc5 Qc7 13.Bxf8 Nxf8 14.b4 f5 15.c5 Ne6 16.Qb3
Kh7 17.Rad1 Nd4 18.Nxd4 exd4 19.Ne2 fxe4 20.Nxd4 Nf6 21.f4 Qe7 22.Rfe1 Bd7
23.Re2 Re8 24.Kh2 Qf8 25.Qc4 Nd5 26.Rf1 Qf6 27.Nc2 Be6 28.Qxe4 Nc3 29.Qf3 Nxe2
30.Qxe2 {#r} 1-0

[Event "Ch Russia (1/2 final)"]
[Site "masterchessopen.com Novosibirsk (Russia)"]
[Round "5"]
[White "Bocharov Dmitry (RUS)"]
[Black "Siuniakov Igor (RUS)"]
[Result "1-0"]
[WhiteElo "2245"]
[BlackElo "2375"]

1.d4 Nf6 2.Nf3 g6 3.c4 Bg7 4.g3 O-O 5.Bg2 d6 6.O-O Nbd7 7.Nc3 e5 8.h3 c6 9.e4
Re8 10.Re1 exd4 11.Nxd4 Nc5 12.Qc2 d5 13.cxd5 cxd5 14.Nxd5 Nfxe4 15.Bxe4 Bxd4
16.Qc4 Bg7 17.Qxc5 Bf5 18.f3 Rc8 19.Qf2 Be6 20.Nc3 f5 21.Bxb7 Rc7 22.Rxe6 Rxb7
23.Rxe8+ Qxe8 24.Bf4 Re7 25.Rd1 h6 26.h4 Kh7 27.Rd2 Re6 {#r} 1-0

[Event "It (open)"]
[Site "masterchessopen.com Paris (France)"]
[Round "1"]
[White "Verat Laurent (FRA)"]
[Black "Herve Pierre (FRA)"]
[Result "1-0"]
[WhiteElo "2255"]
[BlackElo "2108"]

1.d4 Nf6 2.c4 g6 3.Nf3 Bg7 4.Nc3 d6 5.g3 O-O 6.Bg2 c6 7.O-O Nbd7 8.e4 e5 9.h3
Re8 10.Be3 exd4 11.Nxd4 Nc5 12.Qc2 a5 13.Rad1 Qe7 14.Rfe1 Nfd7 15.f4 h5 16.Bf2
Ne6 17.Nf3 Nec5 18.Qd2 Bxc3 19.Qxc3 Nxe4 20.Rxe4 Qxe4 21.Re1 {#r} 1-0

[Event "Cup Russia"]
[Site "masterchessopen.com Perm (Russia)"]
[Round "9"]
[White "Fakhretdinov Robert (RUS)"]
[Black "Ershova Svetlana (RUS)"]
[Result "0-1"]
[WhiteElo "2405"]
[BlackElo "2205"]

1.d4 Nf6 2.Nf3 g6 3.c4 Bg7 4.Nc3 O-O 5.g3 d6 6.Bg2 Nbd7 7.O-O e5 8.e4 c6 9.h3
Re8 10.Be3 exd4 11.Nxd4 Nc5 12.Qc2 Qe7 13.Rfe1 Bd7 14.Rad1 Nfxe4 15.Bf4 f5
16.f3 g5 17.fxe4 gxf4 18.Nxf5 Bxf5 19.exf5 Qxe1+ 20.Rxe1 Rxe1+ 21.Kf2 Rae8
22.gxf4 R8e3 23.Bf1 Bd4 24.Kg2 Kh8 25.Kh2 Rf3 {#R} 0-1

[Event "Cup Russia"]
[Site "masterchessopen.com Perm (Russia)"]
[Round "6"]
[White "Letov Alexander (RUS)"]
[Black "Hasanova Elmira (RUS)"]
[Result "1-0"]
[WhiteElo "2300"]
[BlackElo "2328"]

1.d4 Nf6 2.Nf3 g6 3.g3 Bg7 4.Bg2 O-O 5.O-O d6 6.c4 Nbd7 7.Nc3 c6 8.e4 e5 9.h3
exd4 10.Nxd4 Qb6 11.Nc2 Ne8 12.Ne3 Ne5 13.Qc2 f5 14.Na4 Qc7 15.f4 Nf7 16.exf5
g5 17.fxg5 Nxg5 18.Ng4 Nf7 19.f6 Kh8 20.Be4 {#r} 1-0

[Event "It (open)"]
[Site "masterchessopen.com Philadelphia (USA)"]
[Round "2"]
[White "Kacheishvili Giorgi (GEO)"]
[Black "Rajlich Vasik G (USA)"]
[Result "1-0"]
[WhiteElo "2510"]
[BlackElo "2270"]

1.d4 Nf6 2.c4 g6 3.g3 Bg7 4.Bg2 O-O 5.Nf3 d6 6.O-O Nbd7 7.Nc3 e5 8.h3 c6 9.e4
exd4 10.Nxd4 Re8 11.Re1 a5 12.b3 Nc5 13.Bf4 d5 14.cxd5 Nxd5 15.exd5 Rxe1+
16.Qxe1 Bxd4 17.Rd1 Bxc3 18.Qxc3 Ne6 19.Bh6 f6 20.Rd3 cxd5 21.Bxd5 Qe7 22.Rf3
Qd6 {#r} 1-0

[Event "Ch Slovakia"]
[Site "masterchessopen.com Prievidza (Slovakia)"]
[Round "1"]
[White "Certek Pavel (SVK)"]
[Black "Dusik Tomas (SVK)"]
[Result "1-0"]
[WhiteElo "2322"]
[BlackElo "2158"]

1.d4 Nf6 2.c4 g6 3.g3 Bg7 4.Bg2 O-O 5.Nc3 c6 6.e4 d6 7.Nf3 Nbd7 8.O-O e5 9.h3
Re8 10.Re1 Qc7 11.Rb1 a6 12.Be3 b6 13.Qc2 Bb7 14.Rbd1 Nf8 15.c5 bxc5 16.dxe5
dxe5 17.Bxc5 Rad8 18.Rxd8 Rxd8 19.Na4 N6d7 20.Rd1 Nxc5 21.Nxc5 Rxd1+ 22.Qxd1
Bc8 23.Qa4 Qb6 24.Nd3 Nd7 25.b4 Qb5 26.Qb3 Nb6 27.Nc5 a5 28.Ng5 Qc4 29.bxa5
Qc1+ 30.Bf1 Qxg5 31.axb6 {#r} 1-0

[Event "Ch Slovenia (team)"]
[Site "masterchessopen.com Radovljica (Slovenia)"]
[Round "1"]
[White "Rodman Franc (SLO)"]
[Black "Varini Massimo (ITA)"]
[Result "1-0"]
[WhiteElo "2155"]
[BlackElo "2073"]

1.d4 Nf6 2.c4 g6 3.Nc3 Bg7 4.g3 O-O 5.Bg2 d6 6.Nf3 c6 7.O-O Nbd7 8.e4 e5 9.h3
exd4 10.Nxd4 Nc5 11.Be3 Re8 12.Qc2 a5 13.Rad1 Qb6 14.Nb3 Qb4 15.Nxc5 dxc5
16.Na4 Be6 17.b3 b6 18.Bd2 Qa3 19.Bc1 Qb4 20.a3 Qe1 21.Rfxe1 {#r} 1-0

[Event "It (open)"]
[Site "masterchessopen.com Roskilde (Denmark)"]
[Round "5"]
[White "Johannessen Leif Erlend (NOR)"]
[Black "Nielsen Peter Heine (DEN)"]
[Result "1-0"]
[WhiteElo "2290"]
[BlackElo "2515"]

1.d4 Nf6 2.c4 g6 3.g3 Bg7 4.Bg2 O-O 5.Nc3 d6 6.Nf3 Nbd7 7.O-O e5 8.e4 c6 9.h3
Qa5 10.Re1 exd4 11.Nxd4 Ne5 12.Bf1 Re8 13.Rb1 a6 14.Be3 b5 15.b4 Qc7 16.cxb5
axb5 17.f4 Nc4 18.Bf2 Nb6 19.Rc1 Qb7 20.Nxc6 Qxc6 21.Nxb5 Qb7 22.Nxd6 Qb8
23.Nxe8 Nxe8 24.Qd8 {#r} 1-0

[Event "Memorial Balazs (open)"]
[Site "masterchessopen.com Salgotarjan (Hungary)"]
[Round "7"]
[White "Seres Lajos (HUN)"]
[Black "Portisch Ferenc (HUN)"]
[Result "1-0"]
[WhiteElo "2420"]
[BlackElo "2375"]

1.d4 Nf6 2.c4 g6 3.Nc3 Bg7 4.g3 O-O 5.Bg2 d6 6.Nf3 Nbd7 7.O-O e5 8.e4 c6 9.h3
b5 10.cxb5 cxb5 11.Nxb5 Ba6 12.a4 Qb8 13.Qe2 Ne8 14.Rd1 Nc7 15.Bf1 exd4
16.Nfxd4 Nc5 17.Qc2 Nxb5 18.Nxb5 Bxb5 19.axb5 Re8 20.Bc4 Nxe4 21.Bd5 Nxg3
22.fxg3 Qb6+ 23.Qf2 {#r} 1-0

[Event "Ch Russia (juniors) (under 20) (g)"]
[Site "masterchessopen.com Sochi (Russia)"]
[Round "8"]
[White "Andreeva Nataliya (RUS)"]
[Black "Zhurina Elizaveta (RUS)"]
[Result "1-0"]
[WhiteElo "2280"]
[BlackElo "2240"]

1.Nf3 g6 2.c4 Bg7 3.d4 d6 4.g3 Nf6 5.Bg2 O-O 6.O-O Nbd7 7.Nc3 e5 8.e4 c6 9.h3
a5 10.Re1 Re8 11.b3 Qc7 12.Rb1 Nf8 13.Be3 exd4 14.Nxd4 Ne6 15.Qd2 Nxd4 16.Bxd4
Be6 17.Rbd1 Rac8 18.Qd3 Rcd8 19.Na4 c5 20.Be3 Rd7 21.Nc3 Qb6 22.f4 Rdd8 23.Kh2
Rd7 24.Na4 Qb4 25.Bd2 Qa3 26.Qc2 Bf8 27.Bc1 {#r} 1-0

[Event "Ch Russia"]
[Site "masterchessopen.com St. Petersburg (Russia)"]
[Round "9"]
[White "Solozhenkin Evgeniy (RUS)"]
[Black "Balashov Yuri S (RUS)"]
[Result "1-0"]
[WhiteElo "2535"]
[BlackElo "2580"]

1.d4 Nf6 2.c4 d6 3.Nf3 Nbd7 4.Nc3 e5 5.e4 g6 6.g3 Bg7 7.Bg2 O-O 8.O-O c6 9.h3
Qb6 10.c5 dxc5 11.dxe5 Ne8 12.e6 fxe6 13.Ng5 Ne5 14.f4 c4+ 15.Kh2 Nd3 16.e5
Nc7 17.Qe2 Nd5 18.Nce4 Qa6 19.Nd6 Bd7 20.Be4 Nxc1 21.Raxc1 c3 22.Qxa6 bxa6
23.bxc3 h6 24.Nf3 g5 25.c4 Ne7 26.fxg5 hxg5 27.Rcd1 Rab8 28.Nxg5 Rxf1 29.Rxf1
Nf5 30.Bxf5 exf5 31.e6 {#r} 1-0

[Event "It (open)"]
[Site "masterchessopen.com St. Veit (Austria)"]
[Round "9"]
[White "Waldner Alois (AUT)"]
[Black "Mazi Leon (SLO)"]
[Result "0-1"]
[WhiteElo "2128"]
[BlackElo "2415"]

1.d4 Nf6 2.c4 d6 3.Nf3 g6 4.g3 Bg7 5.Bg2 O-O 6.O-O Nbd7 7.Nc3 e5 8.h3 c6 9.e4
Re8 10.Be3 exd4 11.Nxd4 Nc5 12.Qc2 Qe7 13.f3 a5 14.Rae1 a4 15.Bf2 Qc7 16.f4
Qa5 17.Nb1 Nfd7 18.Nd2 a3 19.b3 Na6 20.N2f3 Nb4 21.Qb1 Nc5 22.Re3 Bd7 23.Rd1
Nca6 24.Re2 f5 25.Rde1 c5 26.Nb5 Bxb5 27.cxb5 Qxb5 28.Bf1 Qd3 {#R} 0-1

[Event "It (open) \"]
[Site "masterchessopen.com Sweden"]
[Round "0"]
[White "Galasso Daniele (ITA)"]
[Black "Verdier Patrice (FRA)"]
[Result "0-1"]
[WhiteElo "1676"]
[BlackElo "2300"]

1.c4 Nf6 2.Nc3 g6 3.g3 Bg7 4.Bg2 d6 5.d4 O-O 6.Nf3 Nbd7 7.O-O e5 8.e4 c6 9.h3
Re8 10.Re1 exd4 11.Nxd4 a5 12.Rb1 Nc5 13.b3 Bd7 14.Bf4 Qb6 15.Bxd6 Nfxe4
16.Bxe4 Nxe4 17.Rxe4 Rxe4 18.Nxe4 Qxd4 19.Qxd4 Bxd4 20.Rd1 Bg7 21.Bb8 Rxb8
22.Rxd7 b5 23.Nd6 bxc4 24.Nxc4 Bc3 25.Rd2 Bxd2 {#R} 0-1

[Event "It (open)"]
[Site "masterchessopen.com Tampere (Finland)"]
[Round "1"]
[White "Seppanen Asko (FIN)"]
[Black "Pietinen Pekka (FIN)"]
[Result "1-0"]
[WhiteElo "2201"]
[BlackElo "2005"]

1.c4 c6 2.e4 g6 3.Nc3 Bg7 4.Nf3 d6 5.d4 Nf6 6.g3 O-O 7.Bg2 Nbd7 8.O-O e5 9.h3
a6 10.a4 Re8 11.Re1 Qa5 12.Bd2 Qb6 13.a5 Qc7 14.Be3 Nf8 15.b4 Qe7 16.d5 cxd5
17.cxd5 Bd7 18.Nd2 Rec8 19.Qb3 Ne8 20.Nc4 Rab8 21.Nb6 Rd8 22.Rac1 Nc7 23.Bf1
Bf6 24.b5 Nxb5 25.Nxb5 axb5 26.Rc7 Qe8 27.Rec1 {#r} 1-0

[Event "It (open)"]
[Site "masterchessopen.com Utrecht (Netherlands)"]
[Round "0"]
[White "Hartmans Eddy (NED)"]
[Black "Straver Robert (NED)"]
[Result "1-0"]
[WhiteElo "2229"]
[BlackElo "2155"]

1.d4 g6 2.Nf3 Bg7 3.g3 Nf6 4.Bg2 O-O 5.c4 c6 6.O-O d6 7.Nc3 Nbd7 8.h3 e5 9.e4
Re8 10.Re1 Qc7 11.Be3 exd4 12.Nxd4 Nc5 13.Qc2 Qe7 14.Rad1 Ne6 15.Nb3 Rd8
16.Re2 b6 17.Nd4 Nxd4 18.Bxd4 Be6 19.b3 Rac8 20.Qd2 Qf8 21.Kh2 Rd7 22.f4 Ne8
23.Bxg7 Qxg7 24.f5 gxf5 25.exf5 Bxf5 26.Bxc6 Rdd8 27.Nd5 {#r} 1-0

[Event "Cup Cesar Munoz Vicuna"]
[Site "masterchessopen.com Ecuador"]
[Date "1998.05.02"]
[Round "5"]
[White "Moreira Romero Jairo (ECU)"]
[Black "Mera Cedeno Angel (ECU)"]
[Result "1-0"]
[WhiteElo "2315"]
[BlackElo "2270"]

1.c4 g6 2.g3 Bg7 3.Bg2 Nf6 4.Nf3 O-O 5.O-O d6 6.Nc3 c6 7.d4 Nbd7 8.h3 e5 9.e4
Re8 10.Re1 a5 11.b3 exd4 12.Nxd4 Nc5 13.Bf4 Nh5 14.Be3 Nf6 15.Bf4 Qb6 16.Bxd6
Rd8 17.e5 Ne8 18.Nxc6 bxc6 19.Bxc5 Rxd1 20.Bxb6 Rxa1 21.Rxa1 Bxe5 22.Rc1 Bd7
23.Na4 Nc7 24.f4 {#r} 1-0